Кн. 2; Космическая электроника

Dettagli Bibliografici
Parent link:Космическая электроника: в 2 кн./ А. И. Белоус, В. А. Солодуха, С. В. Шведов. Кн. 2.— , 2021
Riassunto:Книга посвящена анализу современного состояния, проблем и перспектив развития микроэлектронной элементной базы радиоэлектронной аппаратуры ракетно-космической техники (РКТ), космических аппаратов и систем двойного и военного применения. Впервые в отечественной научно-технической литературе сделана попытка рассмотреть в рамках одной книги всю сложную цепь взаимосвязанных этапов создания электронных блоков РКТ - от разра­ботки требований к этим блокам и их элементно-компонентной базе (ЭКБ), до выбора технологического базиса ее реализации, методов проектирования микросхем и на их основе бортовых систем управления аппаратурой косми­ческого и специального назначения.Издание адресовано инженерам-разработчикам радиоэлектронной аппа­ратуры, а также преподавателям, студентам, аспирантам, специализирую­щимся в области микроэлектроники и ее приложений.
Lingua:russo
Pubblicazione: 2021
Soggetti:
Natura: MixedMaterials Libro
KOHA link:https://koha.lib.tpu.ru/cgi-bin/koha/opac-detail.pl?biblionumber=346787

MARC

LEADER 00000nam2a2200000 4500
001 346787
005 20231102005926.0
010 |a 9785948365763 
035 |a (RuTPU)RU\TPU\book\378672 
035 |a RU\TPU\book\304078 
090 |a 346787 
100 |a 20150113d2021 km y0rusy50 ca 
101 0 |a rus 
102 |a RU 
105 |a a z 001zy 
200 0 |a Кн. 2 
210 |d 2021 
215 |a 697-1183 с.  |c ил. 
320 |a Библиография в конце глав 
330 |a Книга посвящена анализу современного состояния, проблем и перспектив развития микроэлектронной элементной базы радиоэлектронной аппаратуры ракетно-космической техники (РКТ), космических аппаратов и систем двойного и военного применения. Впервые в отечественной научно-технической литературе сделана попытка рассмотреть в рамках одной книги всю сложную цепь взаимосвязанных этапов создания электронных блоков РКТ - от разра­ботки требований к этим блокам и их элементно-компонентной базе (ЭКБ), до выбора технологического базиса ее реализации, методов проектирования микросхем и на их основе бортовых систем управления аппаратурой косми­ческого и специального назначения.Издание адресовано инженерам-разработчикам радиоэлектронной аппа­ратуры, а также преподавателям, студентам, аспирантам, специализирую­щимся в области микроэлектроники и ее приложений. 
461 1 |0 (RuTPU)RU\TPU\book\378770  |t Космическая электроника  |o в 2 кн.  |f А. И. Белоус, В. А. Солодуха, С. В. Шведов  |v Кн. 2  |d 2021  |s Мир электроники 
606 1 |a Космическая электроника  |2 stltpush  |3 (RuTPU)RU\TPU\subj\74501  |9 86725 
610 1 |a ракетно-космическая техника 
610 1 |a микросхемы 
610 1 |a проектирование 
610 1 |a сверхбыстродействующие микроэлектронные изделия 
610 1 |a проблемы 
610 1 |a анализ 
610 1 |a кремниевые интегральные микросхемы 
610 1 |a МОП-транзисторы 
610 1 |a микросистемы 
610 1 |a защита 
610 1 |a защитные материалы 
610 1 |a получение 
610 1 |a микрочастицы 
610 1 |a высокоскоростные потоки 
610 1 |a воздействия 
610 1 |a исследования 
610 1 |a оборудование 
610 1 |a однослойные материалы 
610 1 |a многослойные материалы 
610 1 |a структура 
610 1 |a свойства 
610 1 |a изменение 
610 1 |a скрытые дефекты 
610 1 |a серийное производство 
610 1 |a отбраковка 
610 1 |a РДК 
610 1 |a дизайн-хиты 
610 1 |a СВЧ-электроника 
610 1 |a кластерные микроэлектронные системы 
610 1 |a литография 
610 1 |a совместные российско-белорусские программы 
675 |a 629.78  |v 4 
801 1 |a RU  |b 63413507  |c 20211117 
801 2 |a RU  |b 63413507  |c 20220711  |g RCR 
942 |c BK 
959 |a 9/20211117  |d 1  |e 1078,00  |f ЧЗТЛ:1 
959 |a 9/20220601  |d 1  |e 1078,00  |f УФ:1